Vývoj ekonomickej konkurencieschopnosti Kazašskej republiky po získaní nezávislosti dizertačná práca

Salvato in:
Dettagli Bibliografici
Autore principale: Baleha, Andrianna, 1990-
Ente Autore: Fakulta medzinárodných vzťahov EU. Katedra medzinárodných ekonomických vzťahov a hospodárskej diplomacie
Altri autori: Lipková, Ľudmila
Natura: Libro
Lingua:slovacco
Pubblicazione: Bratislava 2022
Soggetti:
Tags: Aggiungi Tag
Nessun Tag, puoi essere il primo ad aggiungerne!!

MARC

LEADER 00000nbm a2200000 4500
001 0287284
005 20230302100424.4
041 0 |a slo 
044 |a SK 
245 1 0 |a Vývoj ekonomickej konkurencieschopnosti Kazašskej republiky po získaní nezávislosti  |b dizertačná práca  |c Andrianna Baleha ; školiteľ: Ľudmila Lipková 
264 1 |a Bratislava  |c 2022 
300 |a 144 s. 
610 2 0 |a konkurencieschopnosť 
610 2 0 |a hospodárstvo svetové 
610 2 0 |a vývoz 
610 2 0 |a diverzifikácia 
610 2 0 |a vzdelávanie 
610 2 0 |a Kazachstan 
100 1 |a Baleha, Andrianna, 1990- 
700 1 |a Lipková, Ľudmila 
710 2 |a Fakulta medzinárodných vzťahov EU. Katedra medzinárodných ekonomických vzťahov a hospodárskej diplomacie